000 00543nam a22001577a 4500
999 _c60777
_d60777
005 20231020110630.0
008 231020s1979 ru ||||| |||| 00| 0 rus d
041 _arus
080 _a553(479) C-91
100 _aСухарев, Г.М.
_920156
245 _aПолезные ископаемые Кавказа /
_cГ.М. Сухарев, Ю.К. Тарануха.
264 _a Москва:
_bНедра,
_c1979.
300 _a 175 с.:
_b ил. ;
_c20 cm.
700 _aТарануха, Ю.К.
_eავტორი
_920157
942 _2udc
_cBK